Lanean...
By the river Pampa I Stood
| Egile nagusia: | |
|---|---|
| Formatua: | Printed Book |
| Argitaratua: |
New Delhi
Srishti publishers & distributors
2007
|
| LEADER | 00475 a2200133 4500 | ||
|---|---|---|---|
| 020 | |a 8188575917 | ||
| 082 | |a IE823 JOS/B | ||
| 100 | |a Jose,Geeta Abraham | ||
| 245 | |a By the river Pampa I Stood |c Geeta Abraham Jose | ||
| 260 | |a New Delhi |b Srishti publishers & distributors |c 2007 | ||
| 300 | |a 143p. | ||
| 942 | |c BK | ||
| 999 | |c 256046 |d 256046 | ||
| 952 | |0 0 |1 0 |4 0 |6 IE_823_000000000000000_JOS_B |7 0 |9 284938 |a RUS |b RUS |c ST1 |d 2011-04-12 |g 0.00 |i 7600 |l 0 |o IE823 JOS/B |p RUS7600 |r 2014-02-14 |w 2014-02-14 |y BK | ||